Statistiques concernant La Petite Maison dans la Prairie

Cliquez ici pour prendre le quiz!

Statistiques générales

  • Ce quiz a été pris 562 fois
  • Le résultat moyen est 18 sur 30

Statistiques - réponses

Réponse% Correct
Charles
100%
Charles Junior
99%
Laura
99%
Caroline
94%
Mary
93%
Carrie
87%
Albert
86%
Nellie
84%
Nelson "Nels"
78%
William "Willie"
72%
Grace
71%
Harriet
65%
Nancy
65%
Walnut Grove
64%
Alden
62%
Adam
61%
Baker
58%
James
58%
Andrew "Andy"
57%
Jonathan
57%
Cassandra
55%
Alice
49%
John
47%
Percival
38%
Almonzo
30%
Jason
27%
Isaiah
26%
Annabelle
25%
Sarah
24%
Jeb
23%

Distribution des résultats

Percentile par nombre de réponses

% des personnes avec chaque résultat

Votre développement - résultats

Vous n’avez pas pris ce quiz